00998 a2200265 4500999001700000003000500017005001700022008004100039020001500080020001800095082001100113100002600124245014100150250001200291260004900303300002100352490005000373700002800423700003000451700003400481700002500515830005600540942002900596952010700625 c30256d30256NUST20180118114925.0180118b xxu||||| |||| 00| 0 eng d a0521461367 a9780521461368 a530.111 aStephani, Hans.9862510aExact solutions of einstein's field equations /cHans Stephani, Dietrich Kramer, Malcolm MacCallum, Cornelius Hoenselaers, Eduard Herlt. a2nd ed. a[S.l.] :bCambridge University Press,c2003. a732 p. ;c25 cm.1 aCambridge monographs on mathematical physics.1 aKramer, Dietrich.986331 aMacCallum, Malcolm.986341 aHoenselaers, Cornelius.986351 aHerlt, Eduard.98636 0aCambridge monographs on mathematical physics.98637 aSNScBKk530.11 STE2ddc 00104070aSNSbSNSd2016-05-26l1m1o530.11 STEpSNS0000060r2019-08-05s2018-12-11w2016-05-26yBK